000 00701nam a2200253 i 4500
001 C2-0317823
003 PPAK
005 20180728113904.0
008 120927s2011 xxka|||| ||||| | eng d
020 _a9781848106727
040 _aPPAK
_beng
_cPPAK
_erda
082 0 4 _a398.2
_223
090 0 0 _a398.2
_bEMP
_dK
245 0 4 _aThe emperor's new clothes
_band other stories
264 1 _aEssex :
_bMiles Kelly Publishing ,
_c2011
300 _a40 pages :
_bcolour illustrations ;
_c29 cm
336 _2rdacontent
_atext
337 _2rdamedia
_aunmediated
338 _2rdacarrier
_avolume
490 1 _aTen-minute stories
650 1 0 _aTales
830 0 _aTen-minute stories
942 _ddc
_cB
999 _c118826
_d118826